Accounting taxation and e-commerce: (Record no. 4478)
[ view plain ]
| 000 -LEADER | |
|---|---|
| fixed length control field | 00764nam a22002177a 4500 |
| 003 - CONTROL NUMBER IDENTIFIER | |
| control field | OSt |
| 005 - DATE AND TIME OF LATEST TRANSACTION | |
| control field | 20160910162016.0 |
| 008 - FIXED-LENGTH DATA ELEMENTS--GENERAL INFORMATION | |
| fixed length control field | 160910b xxu||||| |||| 00| 0 eng d |
| 020 ## - INTERNATIONAL STANDARD BOOK NUMBER | |
| International Standard Book Number | 0-324-12280-2 |
| 040 ## - CATALOGING SOURCE | |
| Transcribing agency | LIC |
| 082 ## - DEWEY DECIMAL CLASSIFICATION NUMBER | |
| Edition number | 2002 |
| Classification number | DC 343.730944 |
| Item number | M61a |
| 100 ## - MAIN ENTRY--PERSONAL NAME | |
| 9 (RLIN) | 14418 |
| Personal name | Miller, Roger LeRoy |
| 245 ## - TITLE STATEMENT | |
| Title | Accounting taxation and e-commerce: |
| Remainder of title | the online legal environment/ |
| Statement of responsibility, etc. | Roger LeRoy Miller; Gaylord A. Jentz. |
| 260 ## - PUBLICATION, DISTRIBUTION, ETC. (IMPRINT) | |
| Place of publication, distribution, etc. | Australia: |
| Name of publisher, distributor, etc. | Thomson Learning, |
| Date of publication, distribution, etc. | c2002. |
| 300 ## - PHYSICAL DESCRIPTION | |
| Extent | xv, 187 pages: |
| Other physical details | illustrations; |
| Dimensions | 25 cm. |
| 365 ## - TRADE PRICE | |
| Price amount | 2,747.00 |
| Currency code | Php |
| 500 ## - GENERAL NOTE | |
| General note | Includes bibliographical references and index. |
| 650 #0 - SUBJECT ADDED ENTRY--TOPICAL TERM | |
| 9 (RLIN) | 14419 |
| Topical term or geographic name as entry element | Electronic commerce |
| General subdivision | Taxation |
| -- | Law and legislation |
| Geographic subdivision | United States |
| 700 ## - ADDED ENTRY--PERSONAL NAME | |
| 9 (RLIN) | 14421 |
| Personal name | Jentz, Gaylord A. |
| 942 ## - ADDED ENTRY ELEMENTS (KOHA) | |
| Source of classification or shelving scheme | Dewey Decimal Classification |
| Koha item type | Circulation |
| Withdrawn status | Lost status | Source of classification or shelving scheme | Damaged status | Not for loan | Collection code | Home library | Current library | Date acquired | Source of acquisition | Total Checkouts | Full call number | Barcode | Date last seen | Copy number | Cost, replacement price | Price effective from | Koha item type |
|---|---|---|---|---|---|---|---|---|---|---|---|---|---|---|---|---|---|
| Dewey Decimal Classification | Circulation | UM Digos College - LIC | UM Digos College - LIC | 08/25/2004 | Purchased | DC 343.730944 M61a 2002 | 17523 | 05/15/2025 | 1 | 2747.00 | 09/10/2016 | Circulation |
